[Event "EU-ch Rapid"]
[Site "Katowice"]
[Date "2022.12.17"]
[Round "5"]
[White "Fus, Jakub"]
[Black "Lewandowski, Rafal"]
[Result "1-0"]
[WhiteElo "2405"]
[BlackElo "2183"]
[PlyCount "97"]
[EventDate "2022.12.17"]
[EventType "swiss (rapid)"]
[EventRounds "11"]
[EventCountry "POL"]
[SourceTitle "CBM 211 Extra"]
[Source "ChessBase"]
[SourceDate "2023.01.31"]
[SourceVersion "1"]
[SourceVersionDate "2023.01.31"]
[SourceQuality "1"]

1. Nf3 d5 2. e3 e6 3. c4 c5 4. cxd5 exd5 5. d4 Nf6 6. Nc3 Nc6 7. Be2 Be7 8. 0-0 0-0 9. b3 Ne4 10. Bb2 Bf6 11. Na4 Re8 12. Rc1 cxd4 13. Nxd4 Bd7 14. Nc5 Nxc5 15. Rxc5 Be6 16. Nxc6 Qb6 17. Rb5 Qxc6 18. Bxf6 gxf6 19. Rb4 Rec8 20. Bd3 Qc3 21. Rh4 f5 22. Rd4 Kh8 23. Qh5 Rg8 24. Bxf5 Rg7 25. Rh4 Qe5 26. Bxe6 Qxh5 27. Rxh5 fxe6 28. Re5 Re7 29. Rc1 Kg7 30. f4 Kf6 31. Kf2 Rg8 32. Kf3 Reg7 33. g3 Ke7 34. Rh5 Kd6 35. Rh6 Rf8 36. e4 dxe4+ 37. Kxe4 Rf5 38. Rc8 Kd7 39. Rb8 Kd6 40. Re8 Ra5 41. Rexe6+ Kd7 42. Rd6+ Kc7 43. Rd2 Rc5 44. Kf3 Rc3+ 45. Kf2 Re7 46. Re2 Rd7 47. Rhe6 Kd8 48. Re8+ Kc7 49. R8e7 1-0

[Event "EU-ch rapid"]
[Site "Warsaw"]
[Date "2011.12.17"]
[Round "4"]
[White "Zambo, Zoltan"]
[Black "Lewandowski, Rafal"]
[Result "1/2-1/2"]
[WhiteElo "2389"]
[BlackElo "2195"]
[PlyCount "75"]
[EventDate "2011.12.17"]
[EventType "swiss (rapid)"]
[EventRounds "13"]
[EventCountry "POL"]
[SourceTitle "CBM 145 Extra"]
[Source "ChessBase"]
[SourceDate "2012.01.03"]
[SourceVersion "1"]
[SourceVersionDate "2012.01.03"]
[SourceQuality "1"]

1. d4 Nf6 2. Nf3 e6 3. g3 b6 4. Bg2 Bb7 5. 0-0 Be7 6. c4 d5 7. Ne5 Nbd7 8. Nc3 0-0 9. Qa4 Nxe5 10. dxe5 Ne4 11. Nxe4 dxe4 12. Rd1 Qe8 13. Qc2 Qc6 14. Rd4 Qc5 15. Be3 Qxe5 16. Bxe4 Bxe4 17. Rxe4 Qf5 18. c5 Bxc5 19. Bxc5 bxc5 20. Rc4 Qxc2 21. Rxc2 Rab8 22. b3 Rb5 23. Rac1 Rc8 24. Kg2 Kf8 25. Kf3 Ke7 26. Rxc5 Rxc5 27. Rxc5 c6 28. Ke4 Kd6 29. b4 Rb8 30. a3 Rb5 31. Rxb5 cxb5 32. f4 f6 33. g4 g6 34. h4 h5 35. g5 fxg5 36. fxg5 e5 37. Kd3 Kd5 38. e4+ 1/2-1/2

[Event "Warsaw YMCA 85th"]
[Site "Warsaw"]
[Date "2011.02.02"]
[Round "3"]
[White "Strzemiecki, Zbigniew"]
[Black "Lewandowski, Rafal"]
[Result "1-0"]
[WhiteElo "2390"]
[BlackElo "2200"]
[PlyCount "171"]
[EventDate "2011.01.07"]
[EventType "tourn"]
[EventRounds "9"]
[EventCountry "POL"]
[EventCategory "3"]
[SourceTitle "EXT 2012"]
[Source "ChessBase"]
[SourceDate "2011.11.24"]
[SourceVersion "1"]
[SourceVersionDate "2011.11.24"]
[SourceQuality "1"]

1. e4 c5 2. Nf3 e6 3. d4 cxd4 4. Nxd4 a6 5. Bd3 g6 6. Be3 Bg7 7. 0-0 Nc6 8. Nxc6 bxc6 9. Nc3 d5 10. Na4 Rb8 11. c4 d4 12. Bd2 Ne7 13. c5 0-0 14. b4 f5 15. f3 e5 16. Qe2 Ra8 17. Nb6 Ra7 18. Nc4 f4 19. Nd6 h6 20. a4 Kh7 21. Rfc1 Ng8 22. b5 axb5 23. axb5 Rxa1 24. Rxa1 cxb5 25. Ra7 Be6 26. Bxb5 Qb8 27. Rb7 Qa8 28. Bc4 Bc8 29. Rb1 Nf6 30. Qd3 Bd7 31. Bb5 Rb8 32. Bxd7 Nxd7 33. Rc1 Qc6 34. Qc4 Rb2 35. Be1 d3 36. Bf2 d2 37. Rd1 Nb8 38. h4 Qa6 39. Qf7 Qa2 40. Qxa2 Rxa2 41. Kf1 Bf8 42. Nc4 Rc2 43. Nxe5 Bg7 44. Nd3 g5 45. Ke2 Bc3 46. g3 fxg3 47. Bxg3 Nc6 48. hxg5 hxg5 49. Nf2 Bd4 50. Rxd2 Rxd2+ 51. Kxd2 Bxc5 52. Nd3 Bd4 53. Ke2 Kg6 54. Kf1 Nd8 55. Kg2 Ne6 56. Kh3 Kh5 57. Nb4 Bh8 58. Nd5 Nd4 59. Kg2 Nc6 60. Bc7 Bb2 61. Ne3 Bh8 62. Ng4 Bc3 63. Kf2 Kg6 64. Ke3 Bh8 65. Kd3 Kf7 66. Ke3 Bd4+ 67. Ke2 Bh8 68. Bb6 Kg6 69. Be3 Bg7 70. Kd3 Kh5 71. Kc4 Ne7 72. Bf2 Kg6 73. Kc5 Bb2 74. Kd6 Nc8+ 75. Ke6 Ba3 76. Ne5+ Kh5 77. Nc4 Bb4 78. Ne5 Nd6 79. Bg3 Nb5 80. Nc6 Bc3 81. Kf7 Nd4 82. Nxd4 Bxd4 83. e5 Bxe5 84. Bxe5 g4 85. f4 g3 86. f5 1-0

[Event "Warsaw YMCA 85th"]
[Site "Warsaw"]
[Date "2011.01.14"]
[Round "2"]
[White "Lewandowski, Rafal"]
[Black "Malec, Sebastian"]
[Result "1/2-1/2"]
[WhiteElo "2200"]
[BlackElo "2214"]
[PlyCount "86"]
[EventDate "2011.01.07"]
[EventType "tourn"]
[EventRounds "9"]
[EventCountry "POL"]
[EventCategory "3"]
[SourceTitle "EXT 2012"]
[Source "ChessBase"]
[SourceDate "2011.11.24"]
[SourceVersion "1"]
[SourceVersionDate "2011.11.24"]
[SourceQuality "1"]

1. e4 e6 2. d4 d5 3. Nc3 Bb4 4. e5 Ne7 5. a3 Bxc3+ 6. bxc3 c5 7. Qg4 Kf8 8. Nf3 Qa5 9. Bd2 Qa4 10. Bd3 c4 11. Be2 Qxc2 12. 0-0 Nbc6 13. Rfc1 Qf5 14. Qg3 h6 15. Bd1 b6 16. h3 Qh7 17. Bc2 Qg8 18. h4 Ke8 19. h5 Kd8 20. Nh4 Kc7 21. a4 Bd7 22. Rcb1 a5 23. Bc1 Kb7 24. Ba3 Be8 25. Rb2 Ra6 26. Rab1 Ka7 27. Nf3 Nc8 28. Nh2 N6e7 29. Qh4 Nc6 30. Ng4 Bd7 31. f4 Qe8 32. Qe1 N6e7 33. Qd1 Nf5 34. Rb5 Ka8 35. Bxf5 exf5 36. Ne3 Bxb5 37. Rxb5 Qc6 38. Rxd5 Ra7 39. Rb5 Qe4 40. Nxc4 Rc7 41. Qb3 Qe1+ 42. Kh2 Qh4+ 43. Kg1 Qe1+ 1/2-1/2

[Event "EU-ch rapid"]
[Site "Warsaw"]
[Date "2010.12.18"]
[Round "2"]
[White "Lewandowski, Rafal"]
[Black "Polgar, Judit"]
[Result "0-1"]
[WhiteElo "2202"]
[BlackElo "2686"]
[PlyCount "102"]
[EventDate "2010.12.18"]
[EventType "swiss (rapid)"]
[EventRounds "13"]
[EventCountry "POL"]
[SourceTitle "CBM 139 Extra"]
[Source "ChessBase"]
[SourceDate "2011.01.05"]
[SourceVersion "1"]
[SourceVersionDate "2011.01.05"]
[SourceQuality "1"]

1. e4 c5 2. Nf3 d6 3. d4 cxd4 4. Nxd4 Nf6 5. Bg5 Nc6 6. Nc3 e6 7. Qd2 a6 8. 0-0-0 Bd7 9. f4 h6 10. Bxf6 gxf6 11. Kb1 Qa5 12. Bc4 Rc8 13. Bb3 h5 14. f5 Nxd4 15. Qxd4 Be7 16. Rhf1 Qe5 17. Qxe5 dxe5 18. fxe6 fxe6 19. Rf3 Rd8 20. Rfd3 Bc8 21. Na4 Rxd3 22. cxd3 Bd7 23. Rc1 Bd6 24. Nc5 Bxc5 25. Rxc5 Kd8 26. Rc2 h4 27. Rf2 Ke7 28. Kc2 f5 29. exf5 exf5 30. Bd5 b5 31. Kb3 a5 32. a3 Kd6 33. Bf3 Rc8 34. Ka2 Rc1 35. b3 Rc3 36. Rd2 Be6 37. Bd1 Kc5 38. Kb2 Kd4 39. Bc2 f4 40. b4 a4 41. Rf2 Bb3 42. Bb1 Bg8 43. g3 Rb3+ 44. Kc1 hxg3 45. hxg3 Ke3 46. Rf1 fxg3 47. Re1+ Kf4 48. Ba2 g2 49. Bxb3 axb3 50. Re4+ Kf3 51. Re1 Kf2 0-1

[Event "Warsaw YMCA Autumn-A 84th"]
[Site "Warsaw"]
[Date "2010.12.08"]
[Round "12"]
[White "Kasperkiewicz, Pawel"]
[Black "Lewandowski, Rafal"]
[Result "0-1"]
[WhiteElo "2102"]
[BlackElo "2202"]
[PlyCount "68"]
[EventDate "2010.09.24"]
[EventType "tourn"]
[EventRounds "13"]
[EventCountry "POL"]
[SourceTitle "EXT 2019"]
[Source "ChessBase"]
[SourceDate "2018.10.10"]
[SourceVersion "1"]
[SourceVersionDate "2018.10.10"]
[SourceQuality "1"]

1. e4 c5 2. c3 Nf6 3. e5 Nd5 4. d4 e6 5. Nf3 cxd4 6. cxd4 d6 7. Bc4 Nb6 8. Bd3 Nc6 9. exd6 Bxd6 10. Nc3 Nb4 11. Bb1 N4d5 12. Ne4 Bf4 13. 0-0 h5 14. Ne5 g5 15. Bxf4 Nxf4 16. g3 Nh3+ 17. Kg2 g4 18. f3 f5 19. Nc5 Nd5 20. Re1 Qg5 21. Nc4 0-0 22. f4 Ndxf4+ 23. gxf4 Nxf4+ 24. Kf1 b6 25. Nd3 Nxd3 26. Qxd3 Bb7 27. Qd2 Qh4 28. Qf2 Qh3+ 29. Kg1 f4 30. Rxe6 Rf7 31. Bg6 Rg7 32. Rf1 Rf8 33. Be4 g3 34. Qg2 gxh2+ 0-1

[Event "Warsaw YMCA Autumn-A 84th"]
[Site "Warsaw"]
[Date "2010.09.24"]
[Round "1"]
[White "Janczarski, Michal"]
[Black "Lewandowski, Rafal"]
[Result "1-0"]
[WhiteElo "2303"]
[BlackElo "2202"]
[PlyCount "111"]
[EventDate "2010.09.24"]
[EventType "tourn"]
[EventRounds "13"]
[EventCountry "POL"]
[SourceTitle "EXT 2019"]
[Source "ChessBase"]
[SourceDate "2018.10.10"]
[SourceVersion "1"]
[SourceVersionDate "2018.10.10"]
[SourceQuality "1"]

1. c4 b6 2. Nc3 Bb7 3. e4 e6 4. g3 f5 5. Bg2 Nf6 6. d3 Bb4 7. Nge2 fxe4 8. 0-0 0-0 9. dxe4 Ng4 10. Bf4 Bc5 11. Nd4 e5 12. Qxg4 Bxd4 13. Bg5 Qe8 14. Nb5 Na6 15. Rad1 h5 16. Qe2 Qg6 17. h4 c5 18. Rde1 Qe6 19. Nc3 Qg4 20. Nd5 Bxd5 21. Qxg4 hxg4 22. exd5 d6 23. a3 Rf7 24. Re4 Raf8 25. Be3 Bxb2 26. Rxg4 Nc7 27. Be4 Ne8 28. Bg6 Rd7 29. Rg5 Nc7 30. Rh5 b5 31. Bh7+ Kf7 32. Rf5+ Ke8 33. Bg6+ Rdf7 34. Rb1 Bxa3 35. cxb5 Bb4 36. Ra1 Nxb5 37. Ra6 Ke7 38. Bg5+ Rf6 39. Rf3 c4 40. Ra4 a5 41. h5 Nd4 42. Bxf6+ Rxf6 43. Rxf6 Kxf6 44. Ra2 Nb3 45. f4 Nd2 46. Kf2 c3 47. Ke2 Nb3 48. Kf3 Nc5 49. Re2 a4 50. g4 a3 51. g5+ Ke7 52. h6 gxh6 53. gxh6 Kf8 54. h7 Kg7 55. Bf5 e4+ 56. Ke3 1-0

[Event "Warsaw Najdorf Memorial op-B"]
[Site "Warsaw"]
[Date "2010.07.24"]
[Round "9"]
[White "Solnicki, Michal"]
[Black "Lewandowski, Rafal"]
[Result "1-0"]
[WhiteElo "2084"]
[BlackElo "2240"]
[PlyCount "111"]
[EventDate "2010.07.17"]
[EventType "swiss"]
[EventRounds "9"]
[EventCountry "POL"]
[SourceTitle "CBM 137 Extra"]
[Source "ChessBase"]
[SourceDate "2010.09.01"]
[SourceVersion "1"]
[SourceVersionDate "2010.09.01"]
[SourceQuality "1"]

1. Nf3 Nf6 2. c4 e6 3. g3 b6 4. Bg2 Bb7 5. 0-0 Be7 6. Nc3 0-0 7. d4 d5 8. cxd5 exd5 9. Bg5 Ne4 10. Bxe7 Qxe7 11. Nd2 Nxc3 12. bxc3 c5 13. Re1 cxd4 14. cxd4 Qb4 15. e3 Nd7 16. Bh3 Nf6 17. Rc1 Bc8 18. Bg2 Be6 19. Nf3 Rac8 20. Qb3 Qa5 21. Ne5 Qd2 22. Rcd1 Qa5 23. Rc1 Ne4 24. Qb2 Nc3 25. a3 Rc7 26. Bf1 Rfc8 27. Nd3 Bf5 28. Nc5 bxc5 29. Qxc3 Qb6 30. dxc5 Rxc5 31. Qe5 Qe6 32. Qxe6 fxe6 33. Rxc5 Rxc5 34. Ra1 Kf7 35. a4 a5 36. Bb5 Ke7 37. f3 Kd6 38. g4 Bg6 39. Kf2 e5 40. h4 Rc2+ 41. Kg3 Rc3 42. Re1 Kc5 43. h5 Bc2 44. g5 Kb4 45. h6 gxh6 46. gxh6 d4 47. exd4 exd4 48. Kf4 Rc5 49. Re7 Rf5+ 50. Kg4 Rf6 51. Rd7 Kc3 52. Rc7+ Kd2 53. Rc6 Rf7 54. Ra6 Ke3 55. Re6+ Be4 56. Rxe4+ 1-0

[Event "Warsaw Najdorf Memorial op-B"]
[Site "Warsaw"]
[Date "2010.07.23"]
[Round "8"]
[White "Lewandowski, Rafal"]
[Black "Zurkowski, Andrzej"]
[Result "0-1"]
[WhiteElo "2240"]
[BlackElo "2175"]
[PlyCount "82"]
[EventDate "2010.07.17"]
[EventType "swiss"]
[EventRounds "9"]
[EventCountry "POL"]
[SourceTitle "CBM 137 Extra"]
[Source "ChessBase"]
[SourceDate "2010.09.01"]
[SourceVersion "1"]
[SourceVersionDate "2010.09.01"]
[SourceQuality "1"]

1. e4 d6 2. d4 c6 3. Nc3 Nf6 4. f3 Qc7 5. Bg5 Nbd7 6. a4 e5 7. Nge2 g6 8. Qd2 Bg7 9. Bh6 Bxh6 10. Qxh6 b6 11. 0-0-0 Ba6 12. Kb1 0-0-0 13. Nc1 Bxf1 14. Rhxf1 a6 15. f4 exd4 16. Rxd4 Rhe8 17. Qg7 c5 18. Rdd1 Nxe4 19. Nd5 Qb7 20. Qxh7 Ndf6 21. Qh3+ Kb8 22. Nxf6 Nxf6 23. f5 g5 24. Qg3 Ne4 25. Qb3 d5 26. Ne2 d4 27. Ng3 Nf6 28. Rfe1 Nd5 29. Nf1 Ka7 30. Qg3 f6 31. h4 gxh4 32. Qxh4 Qd7 33. Qh5 Rg8 34. Qf3 Qxa4 35. Re6 Rd7 36. Qe2 Nf4 37. Qf3 Nxe6 38. fxe6 Re7 39. Qd5 Qe8 40. c3 Rg5 41. Qd6 Re5 0-1

[Event "Warsaw Najdorf Memorial op-B"]
[Site "Warsaw"]
[Date "2010.07.22"]
[Round "7"]
[White "Wisniowska, Klaudia"]
[Black "Lewandowski, Rafal"]
[Result "0-1"]
[WhiteElo "1999"]
[BlackElo "2240"]
[PlyCount "54"]
[EventDate "2010.07.17"]
[EventType "swiss"]
[EventRounds "9"]
[EventCountry "POL"]
[SourceTitle "CBM 137 Extra"]
[Source "ChessBase"]
[SourceDate "2010.09.01"]
[SourceVersion "1"]
[SourceVersionDate "2010.09.01"]
[SourceQuality "1"]

1. e4 c5 2. Nf3 e6 3. d4 cxd4 4. Nxd4 a6 5. Bd3 g6 6. 0-0 Bg7 7. Be3 Nc6 8. c3 Nge7 9. Nd2 d5 10. Nxc6 bxc6 11. Nb3 0-0 12. Bc5 Re8 13. f4 a5 14. Nd4 f5 15. e5 g5 16. g3 Ng6 17. Qh5 Bf8 18. Bxf8 Rxf8 19. Rf2 c5 20. Nf3 gxf4 21. Ng5 Ra7 22. gxf4 Rg7 23. h4 c4 24. Bf1 Qb6 25. Kg2 Qe3 26. Rf3 Nxf4+ 27. Kh1 Qxe5 0-1

[Event "Warsaw Najdorf Memorial op-B"]
[Site "Warsaw"]
[Date "2010.07.20"]
[Round "4"]
[White "Goslawski, Michal"]
[Black "Lewandowski, Rafal"]
[Result "1/2-1/2"]
[WhiteElo "2018"]
[BlackElo "2240"]
[PlyCount "53"]
[EventDate "2010.07.17"]
[EventType "swiss"]
[EventRounds "9"]
[EventCountry "POL"]
[SourceTitle "CBM 137 Extra"]
[Source "ChessBase"]
[SourceDate "2010.09.01"]
[SourceVersion "1"]
[SourceVersionDate "2010.09.01"]
[SourceQuality "1"]

1. c4 e6 2. d4 d5 3. Nf3 c5 4. g3 Nc6 5. Bg2 Nf6 6. 0-0 Be7 7. cxd5 exd5 8. Nc3 0-0 9. Bg5 c4 10. Ne5 Be6 11. e3 Nd7 12. Nxc6 bxc6 13. Bxe7 Qxe7 14. b3 Rac8 15. bxc4 dxc4 16. Qc2 Rfd8 17. Rab1 Nb6 18. Na4 Nxa4 19. Qxa4 Bd5 20. Qb4 c5 21. dxc5 Bxg2 22. Kxg2 Rxc5 23. Rfd1 Rdc8 24. Rbc1 h5 25. Rxc4 a5 26. Rxc5 Rxc5 27. Qd4 1/2-1/2

[Event "Warsaw YMCA Spring-D 75th"]
[Site "Warsaw"]
[Date "2010.06.24"]
[Round "13"]
[White "Nguyen, Piotr"]
[Black "Lewandowski, Rafal"]
[Result "1-0"]
[WhiteElo "2355"]
[BlackElo "2164"]
[PlyCount "65"]
[EventDate "2010.04.10"]
[EventType "tourn"]
[EventRounds "13"]
[EventCountry "POL"]
[EventCategory "1"]
[SourceTitle "EXT 2011"]
[Source "ChessBase"]
[SourceDate "2010.11.26"]
[SourceVersion "1"]
[SourceVersionDate "2010.11.26"]
[SourceQuality "1"]

1. d4 Nf6 2. c4 e6 3. g3 d5 4. Nf3 dxc4 5. Bg2 c5 6. Qa4+ Bd7 7. Qxc4 Qb6 8. Nc3 Nc6 9. dxc5 Bxc5 10. 0-0 Na5 11. Qh4 Be7 12. Ne5 Rd8 13. Rd1 Qc5 14. Nxd7 Rxd7 15. Be3 Qc8 16. Qa4 b6 17. Rac1 0-0 18. Nd5 Rxd5 19. Bxd5 Qb8 20. Bg2 Nb7 21. Qc6 Nc5 22. b4 Rc8 23. Qb5 Nce4 24. Bf4 Rxc1 25. Rxc1 Qd8 26. Qd3 Qxd3 27. exd3 g5 28. Be5 Nd7 29. Bd4 Nef6 30. Rc8+ Kg7 31. Rc7 Kf8 32. Bc6 e5 33. Be3 1-0

[Event "Warsaw YMCA Spring-D 75th"]
[Site "Warsaw"]
[Date "2010.06.15"]
[Round "11"]
[White "Warszawski, Bartosz"]
[Black "Lewandowski, Rafal"]
[Result "1-0"]
[WhiteElo "2286"]
[BlackElo "2164"]
[PlyCount "129"]
[EventDate "2010.04.10"]
[EventType "tourn"]
[EventRounds "13"]
[EventCountry "POL"]
[EventCategory "1"]
[SourceTitle "EXT 2011"]
[Source "ChessBase"]
[SourceDate "2010.11.26"]
[SourceVersion "1"]
[SourceVersionDate "2010.11.26"]
[SourceQuality "1"]

1. e4 c5 2. Nf3 e6 3. d4 cxd4 4. Nxd4 Nf6 5. Nc3 Nc6 6. Ndb5 Bc5 7. Bf4 0-0 8. Bd6 Bxd6 9. Nxd6 a6 10. Qd2 b5 11. 0-0-0 b4 12. Ne2 a5 13. Nd4 Qb6 14. Nxc6 Qxc6 15. e5 Ne4 16. Qe3 Nxd6 17. Rxd6 Qc7 18. Bb5 a4 19. Qb6 Qxb6 20. Rxb6 b3 21. cxb3 axb3 22. a3 f6 23. exf6 Rxf6 24. f3 d5 25. Bd3 Kf7 26. Kd2 e5 27. Rxb3 Ba6 28. Re1 Re8 29. Rc3 Bxd3 30. Kxd3 Rb6 31. b4 Kf6 32. Kc2 Kf5 33. Kb3 g5 34. a4 d4 35. Rc5 Rd6 36. Kc2 d3+ 37. Kd2 Rd4 38. Rb5 g4 39. Re3 gxf3 40. Rxf3+ Rf4 41. Kxd3 Rd8+ 42. Ke3 Rxf3+ 43. gxf3 Rd1 44. a5 Ra1 45. Rb6 Ra3+ 46. Kf2 Ra2+ 47. Kg3 Ra3 48. a6 e4 49. Rb5+ Ke6 50. Ra5 Rxf3+ 51. Kg2 Rf8 52. a7 Ra8 53. Kf2 Kd6 54. Ke3 Kc6 55. Kxe4 Kb7 56. Re5 Rg8 57. Re7+ Ka8 58. b5 Rg6 59. Kd5 Rh6 60. Kc5 Rxh2 61. b6 Rc2+ 62. Kd6 Rd2+ 63. Kc7 Rc2+ 64. Kd7 Rd2+ 65. Kc8 1-0

[Event "Warsaw YMCA Spring-D 75th"]
[Site "Warsaw"]
[Date "2010.06.01"]
[Round "6"]
[White "Lewandowski, Rafal"]
[Black "Chalupnik, Marcin"]
[Result "1-0"]
[WhiteElo "2164"]
[BlackElo "2284"]
[PlyCount "91"]
[EventDate "2010.04.10"]
[EventType "tourn"]
[EventRounds "13"]
[EventCountry "POL"]
[EventCategory "1"]
[SourceTitle "EXT 2011"]
[Source "ChessBase"]
[SourceDate "2010.11.26"]
[SourceVersion "1"]
[SourceVersionDate "2010.11.26"]
[SourceQuality "1"]

1. e4 c5 2. Nf3 d6 3. d4 cxd4 4. Nxd4 Nf6 5. Nc3 g6 6. f3 Bg7 7. Be3 0-0 8. Qd2 Nc6 9. Bc4 Nd7 10. 0-0-0 Nb6 11. Bb3 Na5 12. Qd3 Nxb3+ 13. cxb3 a5 14. a4 d5 15. Ndb5 e6 16. Bc5 Re8 17. Qe3 Nd7 18. Bd6 Ra6 19. e5 Rc6 20. f4 b6 21. Kb1 Nc5 22. h4 Ba6 23. h5 Bxb5 24. Nxb5 Ne4 25. hxg6 hxg6 26. Qh3 Nxd6 27. Nxd6 Rxd6 28. exd6 Qxd6 29. Qf3 Rc8 30. g4 Rc5 31. Rd2 g5 32. fxg5 e5 33. Rf1 Qe6 34. Qf5 e4 35. Re1 Be5 36. Rc2 Kg7 37. Rf1 e3 38. Rh1 d4 39. Rxc5 bxc5 40. Kc2 Qd5 41. Rh7+ Kg8 42. g6 fxg6 43. Qxg6+ Kf8 44. Qf5+ Kg8 45. Ra7 Qg2+ 46. Kb1 1-0

[Event "Warsaw YMCA Winter-A 74th"]
[Site "Warsaw"]
[Date "2010.02.19"]
[Round "7"]
[White "Lewandowski, Rafal"]
[Black "Malec, Sebastian"]
[Result "1/2-1/2"]
[WhiteElo "2164"]
[BlackElo "2123"]
[PlyCount "55"]
[EventDate "2010.01.08"]
[EventType "tourn"]
[EventRounds "13"]
[EventCountry "POL"]
[SourceTitle "EXT 2011"]
[Source "ChessBase"]
[SourceDate "2010.11.26"]
[SourceVersion "1"]
[SourceVersionDate "2010.11.26"]
[SourceQuality "1"]

1. e4 c5 2. Nf3 d6 3. d4 cxd4 4. Nxd4 Nf6 5. Nc3 Nc6 6. Bg5 Bd7 7. Qd2 Rc8 8. Nxc6 Bxc6 9. f3 Qa5 10. 0-0-0 e6 11. g4 Be7 12. Kb1 0-0 13. Nd5 Qd8 14. Nxe7+ Qxe7 15. h4 Rfd8 16. h5 Qc7 17. Bxf6 gxf6 18. g5 Qe7 19. g6 d5 20. gxh7+ Kxh7 21. Bd3 d4 22. Rdg1 Rg8 23. Qf4 Rxg1+ 24. Rxg1 Rg8 25. e5+ f5 26. Rg4 Rxg4 27. Qxg4 Qd8 28. a3 1/2-1/2

[Event "Warsaw YMCA Winter-A 74th"]
[Site "Warsaw"]
[Date "2010.02.12"]
[Round "6"]
[White "Krasiewicz, Robert"]
[Black "Lewandowski, Rafal"]
[Result "0-1"]
[WhiteElo "2097"]
[BlackElo "2164"]
[PlyCount "84"]
[EventDate "2010.01.08"]
[EventType "tourn"]
[EventRounds "13"]
[EventCountry "POL"]
[SourceTitle "EXT 2011"]
[Source "ChessBase"]
[SourceDate "2010.11.26"]
[SourceVersion "1"]
[SourceVersionDate "2010.11.26"]
[SourceQuality "1"]

1. d4 Nf6 2. c4 e6 3. Nf3 b6 4. g3 Ba6 5. b3 Bb7 6. Bg2 Bb4+ 7. Bd2 c5 8. Bxb4 cxb4 9. Nbd2 0-0 10. 0-0 d6 11. Re1 Nbd7 12. e4 e5 13. Qe2 Re8 14. Rad1 Qc7 15. Qd3 a5 16. Nh4 g6 17. f3 a4 18. Nf1 axb3 19. axb3 Ra3 20. Re3 Rea8 21. Bh3 Bc8 22. Qd2 b5 23. Qxb4 bxc4 24. Qxc4 Qb6 25. Ng2 Ba6 26. Qc3 Bxf1 27. Kxf1 Rb8 28. dxe5 Nxe5 29. Rb1 Nxf3 30. Rxf3 Nxe4 31. Qd3 Ng5 32. Bg4 Nxf3 33. Bxf3 Ra2 34. Be2 Re8 35. Nf4 Re3 36. Qc4 Rf3+ 37. Kg2 Qf2+ 38. Kh3 Rxf4 39. gxf4 Rxe2 40. Qc8+ Kg7 41. Qc3+ Kh6 42. Kg4 f5+ 0-1

[Event "Warsaw YMCA Winter-A 74th"]
[Site "Warsaw"]
[Date "2010.02.05"]
[Round "5"]
[White "Lewandowski, Rafal"]
[Black "Solnicki, Michal"]
[Result "1-0"]
[WhiteElo "2164"]
[BlackElo "2039"]
[PlyCount "61"]
[EventDate "2010.01.08"]
[EventType "tourn"]
[EventRounds "13"]
[EventCountry "POL"]
[SourceTitle "EXT 2011"]
[Source "ChessBase"]
[SourceDate "2010.11.26"]
[SourceVersion "1"]
[SourceVersionDate "2010.11.26"]
[SourceQuality "1"]

1. e4 c5 2. Nf3 d6 3. d4 cxd4 4. Nxd4 Nf6 5. Nc3 a6 6. f3 e6 7. Be3 Be7 8. Qd2 0-0 9. g4 Nfd7 10. 0-0-0 Nc6 11. h4 Nxd4 12. Bxd4 b5 13. g5 Qa5 14. Kb1 b4 15. Ne2 Bb7 16. Ng3 Rac8 17. Bh3 Rc4 18. b3 Rc3 19. Bxc3 bxc3 20. Qe3 d5 21. exd5 Bc5 22. Qf4 e5 23. Qa4 Qxa4 24. bxa4 Nb6 25. Ne4 Ba3 26. Nxc3 Nc4 27. Bf1 Bxd5 28. Rxd5 Rb8+ 29. Nb5 axb5 30. axb5 Ne3 31. Rxe5 1-0

[Event "Warsaw YMCA Spring 48th"]
[Site "Warsaw"]
[Date "2008.06.06"]
[Round "10"]
[White "Lewandowski, Rafal"]
[Black "Janczarski, Michal"]
[Result "0-1"]
[WhiteElo "2181"]
[BlackElo "2163"]
[PlyCount "100"]
[EventDate "2008.04.02"]
[EventType "tourn"]
[EventRounds "13"]
[EventCountry "POL"]
[SourceTitle "EXT 2019"]
[Source "ChessBase"]
[SourceDate "2018.10.10"]
[SourceVersion "1"]
[SourceVersionDate "2018.10.10"]
[SourceQuality "1"]

1. e4 c5 2. Nf3 e6 3. d4 cxd4 4. Nxd4 a6 5. Bd3 Nc6 6. Be3 Nf6 7. c4 Qc7 8. Nxc6 bxc6 9. f4 e5 10. 0-0 d5 11. cxd5 Ng4 12. Qc1 Nxe3 13. Qxe3 cxd5 14. Rc1 exf4 15. Rxc7 fxe3 16. exd5 Bd6 17. Rc4 0-0 18. Nc3 f5 19. Na4 Rb8 20. Rc6 Rf6 21. Rac1 Bb7 22. Rb6 Bxd5 23. Rxa6 Rh6 24. h3 Rg6 25. Rc2 Re8 26. Nc3 Bb7 27. Ra5 Bg3 28. Rxf5 Bf2+ 29. Rfxf2 exf2+ 30. Rxf2 Rg3 31. Bb5 Rd8 32. a4 h5 33. Bf1 Re8 34. a5 Re1 35. Rd2 h4 36. Kf2 Ra1 37. Rd8+ Kh7 38. Bd3+ Kh6 39. Rh8+ Kg5 40. Be4 Rxc3 41. Bxb7 Ra2 42. a6 Rxb2+ 43. Kg1 Rc1+ 44. Kh2 Rbb1 45. g3 Rb2+ 46. Bg2 Rcc2 47. gxh4+ Kg6 48. h5+ Kg5 49. a7 Rxg2+ 50. Kh1 Rgc2 0-1

[Event "Warsaw YMCA Spring 48th"]
[Site "Warsaw"]
[Date "2008.06.04"]
[Round "8"]
[White "Lewandowski, Rafal"]
[Black "Moskwinski, Tadeusz"]
[Result "1/2-1/2"]
[WhiteElo "2181"]
[BlackElo "2172"]
[PlyCount "105"]
[EventDate "2008.04.02"]
[EventType "tourn"]
[EventRounds "13"]
[EventCountry "POL"]
[SourceTitle "EXT 2019"]
[Source "ChessBase"]
[SourceDate "2018.10.10"]
[SourceVersion "1"]
[SourceVersionDate "2018.10.10"]
[SourceQuality "1"]

1. e4 c5 2. Nf3 d6 3. d4 cxd4 4. Nxd4 Nf6 5. Nc3 a6 6. f3 e6 7. Be3 b5 8. Qd2 Nbd7 9. a4 b4 10. Na2 d5 11. Nxb4 dxe4 12. c3 Qc7 13. fxe4 Nxe4 14. Qc2 Ndf6 15. Bd3 Nc5 16. Be2 Bb7 17. Bf3 Nce4 18. a5 Bd6 19. Nbc6 Bxc6 20. Nxc6 Qxc6 21. Ra4 Rb8 22. Bb6 Bc5 23. Bxe4 Nxe4 24. Qxe4 Qxe4+ 25. Rxe4 Bxb6 26. axb6 Rxb6 27. Re2 Ke7 28. Kd1 Rd8+ 29. Kc1 Rd5 30. Rf1 f5 31. Rf4 Kf6 32. Ra4 a5 33. c4 Rc5 34. Kc2 e5 35. b3 e4 36. Kc3 Ke5 37. Ra1 Rbc6 38. Rea2 Ra6 39. Rd1 Rh6 40. g3 g5 41. Rd7 Re6 42. Rxh7 e3 43. Kd3 f4 44. gxf4+ gxf4 45. Rf7 Rd6+ 46. Ke2 Ke4 47. Re7+ Kf5 48. Kf3 Rh6 49. Rf7+ Ke5 50. Re7+ Kf5 51. Rf7+ Ke5 52. Re7+ Kf5 53. Rf7+ 1/2-1/2

[Event "Warsaw YMCA Spring 48th"]
[Site "Warsaw"]
[Date "2008.04.30"]
[Round "5"]
[White "Sanz Losada, Victoriano"]
[Black "Lewandowski, Rafal"]
[Result "1/2-1/2"]
[WhiteElo "2209"]
[BlackElo "2181"]
[PlyCount "29"]
[EventDate "2008.04.02"]
[EventType "tourn"]
[EventRounds "13"]
[EventCountry "POL"]
[SourceTitle "EXT 2019"]
[Source "ChessBase"]
[SourceDate "2018.10.10"]
[SourceVersion "1"]
[SourceVersionDate "2018.10.10"]
[SourceQuality "1"]

1. e4 c5 2. Nf3 e6 3. d4 cxd4 4. Nxd4 Nf6 5. Nc3 Nc6 6. Ndb5 Bb4 7. a3 Bxc3+ 8. Nxc3 d5 9. exd5 exd5 10. Bd3 0-0 11. 0-0 d4 12. Ne4 Bf5 13. Bg5 Bxe4 14. Bxe4 h6 15. Bxc6 1/2-1/2